| 000 | 01388nam a2200301 4500 | ||
|---|---|---|---|
| 003 | MX-MxINE | ||
| 005 | 20260530113920.0 | ||
| 008 | 260520b2023 mx a|||| |||| 00| 0 spa d | ||
| 040 |
_aMX-MxINE _bspa _cMX-MxINE _erda |
||
| 041 | _aspa | ||
| 050 |
_aLE7.M765 _bI5788 2023 |
||
| 100 |
_aNowotka, Maximillian, _eCoordinador _934544 |
||
| 110 |
_aInstituto Tecnológico y de Estudios Superiores de Monterrey. _bEscuela de Arquitectura, Arte y Diseño, _eautor _934545 |
||
| 245 |
_aEscuela de Arquitectura, Arte y Diseño : _b2017-2022 = School of Architecture, Art and Design : 2017-2022 / _c coordinadores Maximilian Nowotka, Irving Huertas, Amador Guerrero ; traducción David Muldrew |
||
| 250 | _aPrimero edición | ||
| 264 | 1 |
_aMéxico : _bInstituto Tecnológico y de Estudios Superiores de Monterrey, _c2023 |
|
| 300 |
_a369 páginas : _bilustraciones a color y en blanco y negro ; |
||
| 336 |
_2rdacontent _atexto |
||
| 337 |
_2rdamedia _asin medio |
||
| 338 |
_2rdacarrier _avolumen |
||
| 610 |
_aInstituto Tecnológico y de Estudios Superiores de Monterrey. _bSchool of Architecture, Art and Design. _934546 |
||
| 650 |
_aDiseño _92672 |
||
| 700 |
_aNowotka, Maximilian, _eautor _934547 |
||
| 700 |
_aHuertas, Irving, _eautor _934548 |
||
| 700 |
_aGuerrero, Amador, _eautor _934549 |
||
| 700 |
_aMuldrew, David, _etraductor _934550 |
||
| 942 |
_2lcc _n1 _cBK |
||
| 999 |
_c12418 _d12418 |
||